000 00331nam a22001337a 4500
003 SGT
020 _a9789380458748
082 _a920
_bD15S
100 _aसिंह, शरद
245 _aदीनदयाल उपाधयाय
260 _b सामयिक बुक्स
_c2015
300 _a175
942 _2ddc
_cBK
999 _c31955
_d31955